ბათუმის შოთა რუსთაველის სახელმწიფო უნივერსიტეტის ბიბლიოთეკა

ჩანაწერი Corporate Name

ჩანაწერთა რაოდენობა, რომელიც გამოყენებულია: 1

001 - CONTROL NUMBER

  • control field: 20652

003 - CONTROL NUMBER IDENTIFIER

  • control field: GE_BSU

005 - DATE AND TIME OF LATEST TRANSACTION

  • control field: 20231211105447.0

008 - FIXED-LENGTH DATA ELEMENTS

  • fixed length control field: 231211|| aca||aabn | a|a d

040 ## - CATALOGING SOURCE

  • Original cataloging agency: GE_BSU
  • Transcribing agency: GE_BSU

110 ## - HEADING--CORPORATE NAME

  • Corporate name or jurisdiction name as entry element: Академия наук армянской ССР.
  • Date of meeting or treaty signing: Институг Археологии и Этнографии.

670 ## - SOURCE DATA FOUND

  • Source citation: Work cat.: (GE_BSU): Мартиросян, А. А. 20651, Археологические памятники Армении. 8. Урартские памятники :